000 00529nam a2200157 i 4500
001 63439
003 ES-MaACL
007 t|
008 031210s1978 sp ||||1| spa d
100 1 _aFerrer Benimeli, José A.
_950445
245 1 0 _aBibliografía de la masonería
_b: introducción histórico-crítica /
_cJosé Antonio Ferrer Benimeli.
250 _a[2ª ed. corr. y aum.].
260 _aMadrid :
_bFundación Universitaria Española,
_c1978.
300 _a603 p., 10 lám. ;
_c25 cm.
852 _aES-MaACL
_jL-7096
_bR.107719
999 _c63439
_d63439